000 02223cam a2200409 i 4500
999 _c64983
_d64983
001 61204329
003 CO-MdFUSB
005 20190502122050.0
008 050721s2005 txu g b 000 0 eng
010 _a 2005021029
020 _a1932792422
_q(pbk. ;
_qalk. paper)
020 _a9781932792423
_q(pbk. ;
_qalk. paper)
040 _aDLC
_bspa
_cCO-MdFUSB
_dBAKER
_dPLT
_dABF
_dBTCTA
_dYDXCP
_dITC
_dIG#
_dBDX
_dSGB
_dUKMGB
_dOCLCF
_dOCLCQ
_dDHA
_dNMC
_dOCLCQ
_dNLUKB
_dZID
_dOCLCQ
_erda
041 _aeng
042 _apcc
082 _224
_aG 230.04624
_bW823p
100 1 _aWitherington, Ben,
_cIII,
_d1951-
_eautor
245 1 4 _aThe problem with evangelical theology
_b: testing the exegetical foundations of Calvinism, dispensationalism, and Wesleyanism
_c/ Ben Witherington III.
264 1 _aWaco, Texas :
_bBaylor University Press,
_c℗[2005]
264 4 _c©2005
300 _axi, 294 páginas ;
_c23 cm.
336 _2rdacontent.
_atexto
_btxt
337 _2rdamedia.
_asin mediación
_bn
338 _2rdacarrier.
_avolumen
_bnc
504 _aBibliografía (páginas 287-294).
505 0 _aLos problemas con la teología reformada. Oh Adán, ¿dónde estás? -- Entrecerrar los ojos en el gráfico paulino "I" -- Establecer la ley con Lutero -- En espera de los resultados de las elecciones -- Los problemas con el dispensacionalismo. Atrapado pero no elevado: los orígenes del Dispensacionalismo y la profecía -- Lo que sube, debe bajar: el problema con la teología del rapto o arrebatimiento -- ¿Se levantará el verdadero Israel de Dios? -- Los problemas con el wesleyanismo. Jesús, Pablo y Juan: hacer compañía en el reino -- ¿Un nuevo nacimiento o nuevas criaturas? -- Sorprendente gracia preveniente y entera santificación -- ¿A dónde vamos desde aquí?. Reimaginando el misterio -- ¿Y entonces? -- ¿Renacer de la ortodoxia o volver al fundamentalismo?
600 7 _aWesley, John,
_d1703-1791
_xTeología
600 7 _aCalvin, Jean
_d1509-1564
_xTeología
650 7 _aTeología doctrinal
_9179
650 0 _aCalvinismo
_9937
653 _aEvangelicalismo
653 _aDispensacionalismo
653 _aWesleyanismo
942 _cBK